000 00536nam a2200193Ia 4500
003 GCL
008 140319s9999 xx 000 0 ara d
040 _aGCL /
_cGCL
082 0 4 _a398
_bم ف
100 1 _aمركز الفنون الشعبية
245 1 0 _aالفنون الشعبية : ع 2 /
_cمركز الفنون الشعبية
300 _a152 ص
490 _a
650 0 4 _aمصر
650 0 4 _aالاحوال الاجتماعية
650 0 4 _aالفولكلور
650 0 4 _aالفن الشعبى
942 _2ddc
_cBK
999 _c38183
_d38183